Politische Konsumentinnen im Social Web : Praktiken der Vermittlung zwischen Bürger- und Verbraucheridentität.

Bibliographic Details
Main Author: Witterhold, Katharina.
Format: eBook
Language:German
Published: Bielefeld : transcript, 2017.
Edition:1st ed.
Series:Kulturen der Gesellschaft
Subjects:
Online Access:Click to View
LEADER 02556nam a22003853i 4500
001 EBC6695113
003 MiAaPQ
005 20231204023217.0
006 m o d |
007 cr cnu||||||||
008 231204s2017 xx o ||||0 ger d
020 |a 9783839437100  |q (electronic bk.) 
020 |z 9783837637106 
035 |a (MiAaPQ)EBC6695113 
035 |a (Au-PeEL)EBL6695113 
035 |a (OCoLC)988174869 
040 |a MiAaPQ  |b eng  |e rda  |e pn  |c MiAaPQ  |d MiAaPQ 
100 1 |a Witterhold, Katharina. 
245 1 0 |a Politische Konsumentinnen im Social Web :  |b Praktiken der Vermittlung zwischen Bürger- und Verbraucheridentität. 
250 |a 1st ed. 
264 1 |a Bielefeld :  |b transcript,  |c 2017. 
264 4 |c {copy}2017. 
300 |a 1 online resource (333 pages) 
336 |a text  |b txt  |2 rdacontent 
337 |a computer  |b c  |2 rdamedia 
338 |a online resource  |b cr  |2 rdacarrier 
490 1 |a Kulturen der Gesellschaft ;  |v v.25 
505 0 |a Cover -- Inhalt -- Einleitung -- Herleitung der Fragestellung -- Forschungsvorhaben -- Forschungspraktischer Rahmen -- Aufbau der Arbeit -- Forschungsstand -- Von der Manipulations- zur Souveränitätsperspektive: Geschlecht im Kontext der Politisierung von Konsum -- Politische Beteiligung -- Online(frauen)forschung -- Zusammenfassung -- Entwicklung einer praxeologischen Analyseperspektive -- Wissen -- Politisches Handeln -- Zwischenfazit: „Politisch" definieren -- Identität und Autonomie im verbraucherpolitischen Alltag -- Zusammenfassung -- Untersuchungsdesign -- Die Erhebung -- Kriterien der Fallauswahl und Auswertung -- Voruntersuchung -- Analyse -- Sarah Damm -- Jana Peters -- Annika Seifert -- Komparative Analyse -- Fazit -- Politisches Prosuming als Partizipation -- Erkenntnisse für die Gender- und Verbraucherforschung -- Politische Partizipation im Social Web -- Die Ergebnisse im Kontext des Projekts Consumer Netizens -- Literaturverzeichnis. 
588 |a Description based on publisher supplied metadata and other sources. 
590 |a Electronic reproduction. Ann Arbor, Michigan : ProQuest Ebook Central, 2023. Available via World Wide Web. Access may be limited to ProQuest Ebook Central affiliated libraries.  
655 4 |a Electronic books. 
776 0 8 |i Print version:  |a Witterhold, Katharina  |t Politische Konsumentinnen im Social Web  |d Bielefeld : transcript,c2017  |z 9783837637106 
797 2 |a ProQuest (Firm) 
830 0 |a Kulturen der Gesellschaft 
856 4 0 |u https://ebookcentral.proquest.com/lib/matrademy/detail.action?docID=6695113  |z Click to View